000 00650nam a2200241Ia 4500
003 OSt
005 20221005100102.0
006 a|||||r|||| 00| 0
007 ta
008 221004b |||||||| |||| 00| 0 mar d
024 _a40345
037 _cTextual
040 _aCRL
_cCRL
_bmar
041 _2mar
_amar
082 _aO155,2N072,1, J3
100 _aKothiwale Vithal narayan
_9620675
245 0 _aSangeet bhudan
260 _aPune
_bIndia
_c1953
300 _a80p.
_ccm.
650 _aMARATHI LITERATURE
_938000
942 _hO155,2N072,1, J3
_cTEXL
_2cc
999 _c1004620
_d1004620